Minecraft quiz hard - Statistics

General Stats
  • This quiz has been taken 45 times
  • The average score is 8 of 20
Answer Stats
questions Answer % Correct
what year was Minecraft made? 2009
92%
what item saves you from dying? totem of undying
90%
did Minecraft ever have the brick pyramid? yes
87%
what does channeling do on a trident? lightning
82%
what update revamped caves? caves and cliffs
62%
what weapon spawns in the trial chambers? Mace
62%
what does killing the wither give you? nether star
56%
what dimension do you spawn in? overworld
56%
what does killing a wither skeleton rarely give you? wither skeleton skull
46%
what anomaly can rarely occur with a skeleton and spider? spider jockey
44%
what is the rarest ore in Minecraft? (HINT its deepslate) deepslate emerald ore
36%
what is the rarest armour trim? silence
36%
what does the breeze drop? breeze rods
33%
how many hearts do ravengers have? 100
21%
how do you kill the creeking? break the creeking heart
18%
what effect does a mushroom stew with a dandelion give? saturation
18%
what was the old crafting recipe for a gapple? gold blocks and apple
10%
what does the depth strider enchantment do? increases water movement
0%
what does the potion for turtle master do? Resistance III and Slowness IV
0%
how do you obtain the sniffer egg? under water ruins.
0%
No matching quizzes found
Score Distribution
Percent of People with Each Score
Percentile by Number Answered
Your Score History
You have not taken this quiz